Loading...
| Literature - American | 0 | 9 | 1 | 1 | 85 | 83 | 107.67 | 4 | 9 | 0.00 | 0.00 |
| Literature - European | 3 | 4 | 0 | 0 | 85 | 27 | 83.71 | 3 | 5 | 0.00 | 0.00 |
| Literature - World | 1 | 5 | 0 | 1 | 65 | 85 | 103.83 | 0 | 5 | 0.00 | 0.00 |
| Fine Arts - Other | 1 | 4 | 1 | 0 | 50 | 44 | 99.40 | 1 | 5 | 0.00 | 0.00 |
| History - American | 0 | 5 | 0 | 0 | 50 | 80 | 98.80 | 2 | 5 | 0.00 | 0.00 |
| Literature - British | 1 | 4 | 2 | 1 | 45 | 53 | 105.00 | 0 | 3 | 0.00 | 0.00 |
| Fine Arts - Visual | 1 | 3 | 0 | 0 | 45 | 46 | 76.25 | 0 | 4 | 0.00 | 0.00 |
| Social Science | 0 | 4 | 0 | 2 | 40 | 83 | 98.75 | 1 | 4 | 0.00 | 0.00 |
| History - European | 2 | 1 | 1 | 0 | 35 | 31 | 50.33 | 3 | 3 | 0.00 | 0.00 |
| Mythology | 0 | 3 | 0 | 0 | 30 | 75 | 98.00 | 2 | 3 | 0.00 | 0.00 |
| Philosophy | 0 | 4 | 2 | 1 | 30 | 92 | 109.75 | 1 | 3 | 0.00 | 0.00 |
| History - Other | 2 | 0 | 1 | 0 | 25 | 40 | 52.50 | 2 | 2 | 0.00 | 0.00 |
| Science - Other | 0 | 3 | 1 | 0 | 25 | 68 | 83.33 | 0 | 3 | 0.00 | 0.00 |
| Religion | 1 | 0 | 0 | 0 | 15 | 57 | 57.00 | 0 | 1 | 0.00 | 0.00 |
| Science - Biology | 0 | 2 | 1 | 1 | 15 | 88 | 104.00 | 0 | 0 | 0.00 | 0.00 |
| Science - Chemistry | 0 | 1 | 0 | 0 | 10 | 100 | 100.00 | 0 | 1 | 0.00 | 0.00 |
| History - World | 0 | 1 | 0 | 0 | 10 | 69 | 69.00 | 0 | 1 | 0.00 | 0.00 |
| Mythology- Edited | 0 | 1 | 0 | 0 | 10 | 121 | 121.00 | 0 | 0 | 0.00 | 0.00 |
| Other Academic | 0 | 1 | 0 | 0 | 10 | 77 | 77.00 | 1 | 1 | 0.00 | 0.00 |
| Pop Culture | 0 | 1 | 0 | 0 | 10 | 145 | 145.00 | 0 | 1 | 0.00 | 0.00 |
| Fine Arts - Auditory | 0 | 2 | 2 | 1 | 10 | 80 | 81.50 | 0 | 1 | 0.00 | 0.00 |
| Science - Physics | 0 | 0 | 1 | 0 | -5 | 0.00 | 0 | 0 | 0.00 | 0.00 |